[Event "Women's Speed Chess Q3"]
[Site "chess.com INT"]
[Date "2021.05.30"]
[Round "20"]
[White "Marjanovic, Annamaria"]
[Black "Zhai, Mo"]
[Result "1/2-1/2"]
[WhiteTitle "WGM"]
[BlackTitle "WGM"]
[WhiteElo "2338"]
[BlackElo "2366"]
[WhiteFideId "750930"]
[BlackFideId "8600201"]
[EventDate "2021.05.30"]

1. c4 Nf6 2. g3 c5 3. Bg2 Nc6 4. Nc3 g6 5. a3 Bg7 6. Rb1 a5 7. Nf3 O-O 8. O-O d6
9. d3 Bg4 10. h3 Bd7 11. Bd2 Rb8 12. Ne1 h5 13. Nc2 Nd4 14. Nxd4 cxd4 15. Nd5
Nxd5 16. cxd5 b5 17. h4 b4 18. axb4 axb4 19. Ra1 Qb6 20. Qb3 Ra8 21. Qxb4 Rab8
22. Qxb6 Rxb6 23. b4 Bg4 24. Rfe1 Rc8 25. Ra2 Bf6 26. Kf1 Rb7 27. Rea1 Rbc7 28.
Ke1 Kg7 29. Rb2 Rb7 30. b5 Rcb8 31. Rab1 Bd7 32. b6 Ba4 33. Rb4 Bd7 34. R4b2 Ra8
35. Be4 Ra6 36. Rb4 Kg8 37. Kd1 Kf8 38. Bh6+ Ke8 39. Bd2 Kd8 40. e3 Bg4+ 41. f3
Bd7 42. exd4 Ba4+ 43. Ke2 Bd7 44. R1b2 Bg7 45. Be3 f5 46. Bg5 Bh8 47. Ke3 Bg7
48. R4b3 Ra4 49. Rb4 Ra3 50. R2b3 Ra2 51. Rb2 Ra3 52. R2b3 Rxb3 53. Rxb3 fxe4
54. dxe4 Bf6 55. Bxf6 exf6 56. Kd3 Ba4 57. Rb4 Bd1 58. Kc4 Bxf3 59. e5 fxe5 60.
dxe5 dxe5 61. Kc5 Kd7 62. Rb3 Bg2 63. Re3 e4 64. Re2 Bf3 65. Ra2 e3 66. Ra3 e2
67. Re3 Rb8 68. d6 Rc8+ 69. Kd4 Kxd6 70. b7 Rb8 71. Kc4 Rxb7 72. Rd3+ Ke5 73.
Rxf3 Kd6 74. Re3 Rb2 75. Kc3 Ra2 76. Kb3 Rd2 77. Kc3 Ra2 78. Kb3 Rd2 79. Kc3 Rd1
80. Rxe2 Rg1 81. Re3 Kd5 82. Kd3 Rg2 83. Rf3 Ke5 84. Ke3 Ke6 85. Kf4 Kf6 86.
Ke4+ Kg7 87. Kf4 Kh6 88. Rd3 Rg1 89. Kf3 Rf1+ 90. Kg2 Re1 91. Rf3 Re2+ 92. Rf2
Re3 93. Rf8 Re2+ 94. Rf2 Re3 95. Rd2 Re4 96. Rc2 Rd4 97. Rf2 Re4 98. Kf3 Rd4 99.
Ke3 Ra4 100. Kf3 Ra3+ 101. Kg2 Kg7 102. Rf3 Ra2+ 103. Rf2 Ra3 104. Re2 Rb3 105.
Rd2 Ra3 106. Rd7+ Kf6 107. Rd2 Kf5 108. Rf2+ Ke6 109. Re2+ Kf5 110. Rf2+ Ke5
111. Re2+ Kf5 112. Rf2+ 1/2-1/2

[Event "Women's Speed Chess Q3"]
[Site "chess.com INT"]
[Date "2021.05.30"]
[Round "21"]
[White "Li, Xueyi"]
[Black "Zawadzka, Jolanta"]
[Result "0-1"]
[WhiteTitle "WGM"]
[BlackTitle "WGM"]
[WhiteElo "2328"]
[BlackElo "2399"]
[WhiteFideId "8605912"]
[BlackFideId "1122320"]
[EventDate "2021.05.30"]

1. Nf3 c5 2. g3 Nc6 3. Bg2 Nf6 4. O-O e6 5. c4 Be7 6. b3 O-O 7. Bb2 b6 8. e3 Bb7
9. a3 d6 10. Qc2 Qc7 11. Nc3 a6 12. Rad1 Rab8 13. Qb1 Rfd8 14. d4 Ba8 15. Qa1
cxd4 16. exd4 d5 17. Rc1 Qd7 18. Rfd1 Na5 19. Qa2 dxc4 20. bxc4 Rdc8 21. Na4
Qxa4 22. d5 exd5 0-1

[Event "Women's Speed Chess Q3"]
[Site "chess.com INT"]
[Date "2021.05.30"]
[Round "21"]
[White "Agrest, Inna"]
[Black "Ziegenfuss, Antonia"]
[Result "1-0"]
[WhiteTitle "WIM"]
[BlackTitle "WFM"]
[WhiteElo "2285"]
[BlackElo "2157"]
[WhiteFideId "1708830"]
[BlackFideId "12962554"]
[EventDate "2021.05.30"]

1. e4 c5 2. d4 cxd4 3. c3 dxc3 4. Nxc3 Nc6 5. Nf3 d6 6. Bc4 a6 7. O-O Nf6 8. Qe2
Bg4 9. Be3 Ne5 10. Nxe5 Be6 11. Bxe6 fxe6 12. Ng4 g6 13. e5 Nxg4 14. Qxg4 Bg7
15. Qxe6 Bxe5 16. Nd5 Qd7 17. Qxd7+ Kxd7 18. Nb6+ Ke6 19. Nxa8 Rxa8 20. f4 Bxb2
21. Rab1 Bf6 22. Rxb7 Rc8 23. g4 Rc2 24. g5 Bc3 25. Rf2 Rxf2 26. Kxf2 d5 27. Bc5
d4 28. Rxe7+ Kf5 29. Kf3 d3 30. Rd7 d2 31. Be3 1-0

[Event "Women's Speed Chess Q3"]
[Site "chess.com INT"]
[Date "2021.05.30"]
[Round "21"]
[White "Vine, Elzbieta"]
[Black "Torres Hernandez, Leslie Carolin"]
[Result "0-1"]
[WhiteTitle "WFM"]
[BlackTitle "WFM"]
[WhiteElo "2138"]
[BlackElo "1884"]
[WhiteFideId "1119320"]
[BlackFideId "8400504"]
[EventDate "2021.05.30"]

1. e4 c6 2. d4 d5 3. exd5 cxd5 4. Bd3 Nf6 5. h3 Nc6 6. Nf3 e6 7. O-O Be7 8. g4
O-O 9. g5 Ne4 10. h4 f6 11. Nc3 f5 12. Kg2 Qe8 13. Rh1 Qh5 14. Be3 Qg4+ 15. Kf1
f4 16. Bd2 Nxd2+ 17. Nxd2 f3 0-1

[Event "Women's Speed Chess Q3"]
[Site "chess.com INT"]
[Date "2021.05.30"]
[Round "21"]
[White "Gevorgyan, Maria"]
[Black "Assaubayeva, Bibisara"]
[Result "0-1"]
[WhiteTitle "WGM"]
[BlackTitle "IM"]
[WhiteElo "2219"]
[BlackElo "2381"]
[WhiteFideId "13300270"]
[BlackFideId "13708694"]
[EventDate "2021.05.30"]

1. e4 e5 2. Nf3 Nc6 3. Bc4 Bc5 4. d3 Nf6 5. c3 O-O 6. O-O h6 7. b4 Bb6 8. b5 Na5
9. Nxe5 d6 10. Nxf7 Rxf7 11. Bxf7+ Kxf7 12. Be3 c6 13. bxc6 Nxc6 14. d4 Nxe4 15.
Qh5+ Kf8 16. Na3 Nf6 17. Nc4 Nxh5 18. Rae1 d5 19. Nxb6 axb6 20. Bc1 Nf6 21. Re3
Bf5 22. Rfe1 Qd7 23. Rf3 Be4 24. Rg3 Kf7 25. f3 Bf5 26. Bf4 Rxa2 27. Be5 Nh5 0-1

[Event "Women's Speed Chess Q3"]
[Site "chess.com INT"]
[Date "2021.05.30"]
[Round "21"]
[White "Dwilewicz, Katarzyna"]
[Black "Golubenko, Valentina"]
[Result "1-0"]
[WhiteTitle "WFM"]
[BlackTitle "WGM"]
[WhiteElo "2092"]
[BlackElo "2209"]
[WhiteFideId "1148486"]
[BlackFideId "4501993"]
[EventDate "2021.05.30"]

1. e4 g6 2. d4 Bg7 3. Nc3 c6 4. f4 d5 5. e5 Nd7 6. Be2 e6 7. Nf3 Ne7 8. Be3 O-O
9. Qd2 c5 10. O-O-O Nf5 11. Bf2 cxd4 12. Nxd4 Nxd4 13. Bxd4 f6 14. exf6 Bxf6 15.
Bg4 Nb6 16. Rhe1 Nc4 17. Qf2 Qd6 18. g3 Bd7 19. Bxf6 Rxf6 20. Ne4 Qb4 21. Nxf6+
Kf7 22. c3 Qa5 23. Nxd7 Qxa2 24. Bxe6+ Kg7 25. Qc2 Rc8 26. Bxd5 Na5 27. Re7+ Kh6
28. Bxa2 1-0

[Event "Women's Speed Chess Q3"]
[Site "chess.com INT"]
[Date "2021.05.30"]
[Round "21"]
[White "Voit, Daria"]
[Black "Ambartsumova, Karina"]
[Result "0-1"]
[WhiteTitle "WGM"]
[BlackTitle "IM"]
[WhiteElo "2360"]
[BlackElo "2382"]
[WhiteFideId "4182146"]
[BlackFideId "4166299"]
[EventDate "2021.05.30"]

1. Nf3 Nf6 2. c4 e6 3. g3 d5 4. Bg2 dxc4 5. Qa4+ c6 6. Qxc4 b5 7. Qb3 Bb7 8. d4
Nbd7 9. Bg5 Be7 10. Nbd2 O-O 11. Rc1 a6 12. Bxf6 Bxf6 13. Ne4 a5 14. O-O Be7 15.
Rfd1 a4 16. Qe3 Qb6 17. Ne1 Rad8 18. Nd3 Nf6 19. Nec5 Ba8 20. Ne5 Rfe8 21. a3
Nd5 22. Qd2 Bd6 23. Ned3 Nf6 24. f4 Be7 25. e3 Nd5 26. Qf2 Bf6 27. Rc2 Nxe3 28.
Re2 Nxd1 29. Qe1 Bxd4+ 30. Kh1 Ne3 31. Rxe3 Bxe3 32. Qxe3 Rxd3 33. Qxd3 Qxc5 34.
h3 Qe7 35. Qd4 c5 36. Qe5 Bxg2+ 37. Kxg2 Rd8 0-1

[Event "Women's Speed Chess Q3"]
[Site "chess.com INT"]
[Date "2021.05.30"]
[Round "21"]
[White "Ulziikhishigjargal, Ochirkhuyag"]
[Black "Starosta, Martyna"]
[Result "1-0"]
[WhiteTitle "FM"]
[BlackTitle "WCM"]
[WhiteElo "2020"]
[BlackElo "1910"]
[WhiteFideId "4903188"]
[BlackFideId "21818754"]
[EventDate "2021.05.30"]

1. Nf3 Nf6 2. d4 g6 3. Nc3 Bg7 4. Bg5 d6 5. Qd2 Nbd7 6. Bh6 Bxh6 7. Qxh6 c5 8.
O-O-O a6 9. e4 cxd4 10. Nxd4 b5 11. h3 Qb6 12. f3 Bb7 13. Kb1 O-O-O 14. Nb3 Kb8
15. Be2 Ka8 16. a3 Rc8 17. Qd2 Nc5 18. Nxc5 Qxc5 19. Qd4 Qc7 20. g4 Nd7 21. h4
Nc5 22. h5 Rhd8 23. hxg6 hxg6 24. Rh7 Ne6 25. Qe3 f6 26. Bd3 Nf8 27. Rf7 Rd7 28.
Nd5 Bxd5 29. exd5 g5 30. Re1 e5 31. dxe6 Rxf7 32. exf7 Qxf7 33. Qb6 Qb7 34. Qxd6
Nd7 35. Be4 1-0

[Event "Women's Speed Chess Q3"]
[Site "chess.com INT"]
[Date "2021.05.30"]
[Round "21"]
[White "Narva, Mai"]
[Black "Jakubowska, Anna"]
[Result "1-0"]
[WhiteTitle "WIM"]
[BlackTitle "WIM"]
[WhiteElo "2276"]
[BlackElo "2073"]
[WhiteFideId "4500512"]
[BlackFideId "1121952"]
[EventDate "2021.05.30"]

1. e4 c6 2. d4 d5 3. f3 e6 4. Nc3 Nf6 5. e5 Nfd7 6. f4 c5 7. Nf3 Nc6 8. Be3 b6
9. Bb5 Bb7 10. O-O Be7 11. Kh1 O-O 12. Ne2 g6 13. c3 Rc8 14. Ng3 a6 15. Bd3 cxd4
16. cxd4 Nb4 17. Bb1 b5 18. a3 Nc6 19. Qd3 Na5 20. b3 f6 21. exf6 Bxf6 22. Ne5
Nxe5 23. fxe5 Bg7 24. Bc2 Qe7 25. Ne2 Rxf1+ 26. Rxf1 Qxa3 27. Nf4 Qe7 28. Nxg6
hxg6 29. Qxg6 Rxc2 30. Qxc2 Nc6 31. Qg6 Bc8 32. Bg5 Qd7 33. h4 Ne7 34. Qf7+ Kh8
35. Bxe7 a5 36. h5 a4 37. h6 Bxh6 38. Bf6+ Bg7 39. Bxg7+ Kh7 40. bxa4 bxa4 41.
Qf8 a3 42. Qh8+ Kg6 43. Qh6# 1-0

[Event "Women's Speed Chess Q3"]
[Site "chess.com INT"]
[Date "2021.05.30"]
[Round "21"]
[White "Zaichenko, Daria"]
[Black "Zaksaite, Salomeja"]
[Result "0-1"]
[WhiteTitle "WFM"]
[BlackTitle "WIM"]
[WhiteElo "2104"]
[BlackElo "2202"]
[WhiteFideId "4197453"]
[BlackFideId "12801496"]
[EventDate "2021.05.30"]

1. e4 c5 2. Nf3 e6 3. d4 cxd4 4. Nxd4 Nf6 5. Nc3 Nc6 6. Be3 Bb4 7. Bd3 d5 8. Bb5
O-O 9. Nxc6 bxc6 10. Bxc6 Rb8 11. Bxa7 Qa5 12. Bxb8 Bxc3+ 13. bxc3 Qxc3+ 14. Kf1
Ba6+ 15. Kg1 Qxc6 16. exd5 Nxd5 17. Bg3 Nc3 18. Qf3 Ne2+ 19. Kf1 Nd4+ 20. Qd3
Bxd3+ 21. cxd3 Qc3 22. Rd1 Qc2 23. Re1 Qxd3+ 24. Kg1 Ne2+ 25. Rxe2 Qd1+ 26. Re1
Qxe1# 0-1

[Event "Women's Speed Chess Q3"]
[Site "chess.com INT"]
[Date "2021.05.30"]
[Round "21"]
[White "Zhai, Mo"]
[Black "Koridze, Lile"]
[Result "1-0"]
[WhiteTitle "WGM"]
[BlackTitle "WFM"]
[WhiteElo "2366"]
[BlackElo "2016"]
[WhiteFideId "8600201"]
[BlackFideId "13612514"]
[EventDate "2021.05.30"]

1. Nf3 d5 2. g3 Nf6 3. Bg2 c5 4. O-O Nc6 5. c4 d4 6. e3 g6 7. exd4 cxd4 8. d3
Bg7 9. a3 O-O 10. b4 a6 11. Bb2 e5 12. Re1 Re8 13. b5 axb5 14. cxb5 Na5 15. Nxe5
Be6 16. Nd2 Nd5 17. Bxd4 Rc8 18. Rc1 b6 19. Rxc8 Qxc8 20. Ndc4 Nxc4 21. dxc4 Ne7
22. Bxb6 Qb8 23. Bd4 Nf5 24. Bc3 Rd8 25. Qa1 Qc7 26. Nc6 Rd3 27. Bxg7 Nxg7 28.
Qe5 Qb6 29. a4 Rd2 30. Qb8+ Qxb8 31. Nxb8 Bxc4 32. b6 Rb2 33. b7 Ne6 34. Nd7 Ba6
35. b8=Q+ 1-0

[Event "Women's Speed Chess Q3"]
[Site "chess.com INT"]
[Date "2021.05.30"]
[Round "21"]
[White "Kulkarni, Bhakti"]
[Black "Obregon Garcia, Roxangel"]
[Result "0-1"]
[WhiteTitle "IM"]
[BlackTitle "WIM"]
[WhiteElo "2391"]
[BlackElo "2167"]
[WhiteFideId "5019516"]
[BlackFideId "3520420"]
[EventDate "2021.05.30"]

1. Nf3 d5 2. e3 Nf6 3. c4 c6 4. Be2 e6 5. b3 Bd6 6. O-O O-O 7. Bb2 Qe7 8. d4
Nbd7 9. Ne5 c5 10. Nd2 cxd4 11. exd4 Ba3 12. Bxa3 Qxa3 13. Qc2 b6 14. Bd3 h6 15.
f4 Bb7 16. f5 Nxe5 17. dxe5 Qc5+ 18. Kh1 Ng4 19. cxd5 Nf2+ 20. Rxf2 Qxf2 21. Rf1
Qc5 22. Qxc5 bxc5 23. d6 exf5 24. Bxf5 Bd5 25. Nc4 Bxc4 26. bxc4 Rfe8 27. Re1 g6
28. Bh3 Kg7 29. d7 Re7 30. e6 fxe6 31. Bxe6 Rd8 32. Kg1 Rdxd7 33. Kf2 Rd2+ 34.
Kf3 Rxa2 35. Re5 Ra6 0-1

[Event "Women's Speed Chess Q3"]
[Site "chess.com INT"]
[Date "2021.05.30"]
[Round "21"]
[White "Bodnaruk, Anastasia"]
[Black "Pourkashiyan, Atousa"]
[Result "1-0"]
[WhiteTitle "IM"]
[BlackTitle "WGM"]
[WhiteElo "2457"]
[BlackElo "2322"]
[WhiteFideId "4181751"]
[BlackFideId "12502014"]
[EventDate "2021.05.30"]

1. e4 c5 2. Nc3 e6 3. Nf3 a6 4. g3 Nc6 5. Bg2 Qc7 6. d3 d6 7. O-O Nf6 8. Be3 Be7
9. Nd2 b5 10. f4 Bb7 11. h3 Nd4 12. Nf3 Nxf3+ 13. Bxf3 b4 14. Na4 e5 15. c3 a5
16. cxb4 axb4 17. fxe5 dxe5 18. Rc1 O-O 19. Nxc5 Bc6 20. Qb3 Qc8 21. g4 Re8 22.
Qxb4 Rxa2 23. Qb3 Ra8 24. g5 Nd7 25. Bh5 g6 26. Qxf7+ Kh8 27. Ne6 Bf8 28. Bg4
Re7 29. Qf3 Qe8 30. Rxc6 Nc5 31. Nxf8 Qxf8 32. Rf6 1-0

[Event "Women's Speed Chess Q3"]
[Site "chess.com INT"]
[Date "2021.05.30"]
[Round "21"]
[White "Dworakowska, Joanna"]
[Black "Nanditha, V"]
[Result "1-0"]
[WhiteTitle "IM"]
[BlackTitle "WCM"]
[WhiteElo "2322"]
[BlackElo "1666"]
[WhiteFideId "1107445"]
[BlackFideId "46626697"]
[EventDate "2021.05.30"]

1. e4 c6 2. Nc3 d5 3. Nf3 dxe4 4. Nxe4 Nf6 5. Nxf6+ exf6 6. d4 Bd6 7. c3 Qe7+ 8.
Be2 Bg4 9. O-O O-O 10. Re1 Qc7 11. h3 Bh5 12. Bd2 Nd7 13. Qc2 Rfe8 14. Kf1 Bf8
15. Ng1 Bxe2+ 16. Rxe2 Qh2 17. Rae1 Red8 18. Qf5 Bd6 19. Qg4 Qh1 20. Bf4 Bxf4
21. Qxf4 Nf8 22. Qg3 Ng6 23. f4 f5 24. Kf2 h5 25. Nf3 h4 26. Qg5 f6 27. Qxf5 Qh2
28. Nxh2 Rd5 29. Qxg6 Rad8 30. Re8+ Rxe8 31. Rxe8# 1-0

[Event "Women's Speed Chess Q3"]
[Site "chess.com INT"]
[Date "2021.05.30"]
[Round "21"]
[White "Doluhanova, Evgeniya"]
[Black "Mohota, Nisha"]
[Result "1-0"]
[WhiteTitle "WGM"]
[BlackTitle "IM"]
[WhiteElo "2207"]
[BlackElo "2195"]
[WhiteFideId "14112035"]
[BlackFideId "5004330"]
[EventDate "2021.05.30"]

1. e4 Nf6 2. e5 Nd5 3. Nc3 Nxc3 4. bxc3 d6 5. f4 g6 6. Nf3 Bg7 7. Bc4 O-O 8. O-O
Nc6 9. d4 d5 10. Bd3 Bg4 11. a4 e6 12. h3 Bxf3 13. Qxf3 Ne7 14. Ba3 Re8 15. g4
b6 16. f5 exf5 17. gxf5 Nxf5 18. Bxf5 gxf5 19. Qxf5 Re6 20. Qxf7+ Kh8 21. Qxe6
Qg5+ 22. Kh1 Qe3 23. Qg4 Rg8 24. Rg1 Qxc3 25. Be7 Qxc2 26. Bf6 Qe4+ 27. Qxe4
dxe4 28. Rxg7 Rxg7 29. Rg1 Kg8 30. Rxg7+ Kf8 31. Rxc7 e3 32. Kg2 e2 33. Kf2
e1=Q+ 34. Kxe1 h5 35. Rxa7 h4 36. Rh7 b5 37. axb5 Ke8 38. b6 Kf8 39. b7 Kg8 40.
Rg7+ Kh8 41. b8=Q# 1-0

[Event "Women's Speed Chess Q3"]
[Site "chess.com INT"]
[Date "2021.05.30"]
[Round "21"]
[White "Soumya, Swaminathan"]
[Black "Mendoza, Shania Mae"]
[Result "1-0"]
[WhiteTitle "IM"]
[BlackTitle "WFM"]
[WhiteElo "2351"]
[BlackElo "2158"]
[WhiteFideId "5016193"]
[BlackFideId "5211158"]
[EventDate "2021.05.30"]

1. Nf3 Nf6 2. g3 d5 3. c4 c6 4. Bg2 g6 5. b3 Bg7 6. Bb2 O-O 7. O-O Nbd7 8. d3
Re8 9. Nbd2 e5 10. cxd5 cxd5 11. e4 d4 12. Nc4 Bf8 13. a4 b6 14. h4 Bb7 15. Bh3
a6 16. Ba3 b5 17. Bxf8 b4 18. Bxb4 a5 19. Ba3 h6 20. Nd6 Bc6 21. Nxe8 Qxe8 22.
Rc1 Bb7 23. Qc2 Kg7 24. Qc7 Ba6 25. Rfd1 Rb8 26. Qc6 Rxb3 27. Qxa6 Rxa3 28. Qd6
Rxa4 29. Rc7 Nf8 30. Nxe5 Ne6 31. Rxf7+ Qxf7 32. Nxf7 Nc5 33. Ne5 Ncxe4 34. Qe7+
Kh8 35. Nxg6+ Kg8 36. Be6# 1-0

[Event "Women's Speed Chess Q3"]
[Site "chess.com INT"]
[Date "2021.05.30"]
[Round "21"]
[White "Nomin-Erdene, Davaademberel"]
[Black "Zuriel, Marisa"]
[Result "1-0"]
[WhiteTitle "IM"]
[BlackTitle "WIM"]
[WhiteElo "2382"]
[BlackElo "2203"]
[WhiteFideId "4900782"]
[BlackFideId "109142"]
[EventDate "2021.05.30"]

1. f4 c5 2. Nf3 d5 3. g3 Nf6 4. Bg2 g6 5. O-O Bg7 6. d3 O-O 7. c3 Nc6 8. Na3 d4
9. e4 dxe3 10. Bxe3 Nd7 11. Qe2 a6 12. Nc4 b5 13. Nce5 Ncxe5 14. Nxe5 Rb8 15.
Nc6 Qc7 16. Nxb8 Qxb8 17. Qf2 c4 18. d4 Bb7 19. Rae1 Nf6 20. Bxb7 Qxb7 21. Qf3
Qd7 22. f5 Nd5 23. Bd2 gxf5 24. Qxf5 e6 25. Qg4 Kh8 26. Qh5 f5 27. Bh6 Rf6 28.
Bxg7+ Kxg7 29. Re5 Rg6 30. Qh4 b4 31. Rf3 Rg4 32. Qh5 Nf6 33. Qh3 bxc3 34. bxc3
Qb7 35. Qg2 Qb1+ 36. Qf1 Qxa2 37. Rxe6 Ne4 38. Rxf5 Ng5 39. Rxg5+ Rxg5 40. Qf6+
Kg8 41. Re8# 1-0

[Event "Women's Speed Chess Q3"]
[Site "chess.com INT"]
[Date "2021.05.30"]
[Round "21"]
[White "Grigoryan, Meri"]
[Black "Ramirez, Maria Eugenia"]
[Result "1-0"]
[WhiteTitle "WFM"]
[BlackTitle "WFM"]
[WhiteElo "2044"]
[BlackElo "2057"]
[WhiteFideId "13300571"]
[BlackFideId "3301680"]
[EventDate "2021.05.30"]

1. d4 Nf6 2. c4 e6 3. Nc3 c5 4. e3 Nc6 5. Nf3 cxd4 6. exd4 d5 7. cxd5 Nxd5 8.
Bc4 Nxc3 9. bxc3 Be7 10. O-O O-O 11. a4 Bf6 12. Ba3 Re8 13. Rb1 e5 14. dxe5 Nxe5
15. Nxe5 Bxe5 16. Qf3 Qc7 17. Bb5 Bd7 18. Bxd7 Qxd7 19. Rxb7 Qe6 20. g3 Rac8 21.
Bb4 a6 22. Re1 f6 23. Qe3 Qc6 24. Rb6 Qxa4 25. Rb7 Qc6 26. Qa7 Bc7 27. Rxe8+
Qxe8 28. Rxc7 Qe1+ 29. Kg2 Qe4+ 30. Kh3 Qf5+ 31. Kg2 Qe4+ 32. f3 Qe2+ 33. Kh3
Qe6+ 34. g4 h5 35. Rxc8+ Qxc8 36. Qd4 Qe8 37. Qd5+ Kh7 38. Qxh5+ 1-0

[Event "Women's Speed Chess Q3"]
[Site "chess.com INT"]
[Date "2021.05.30"]
[Round "21"]
[White "Vo, Thi Kim Phung"]
[Black "Sliwicka, Alicja"]
[Result "0-1"]
[WhiteTitle "WGM"]
[BlackTitle "WIM"]
[WhiteElo "2335"]
[BlackElo "2346"]
[WhiteFideId "12401838"]
[BlackFideId "1150677"]
[EventDate "2021.05.30"]

1. d4 Nf6 2. c4 c5 3. d5 b5 4. cxb5 a6 5. bxa6 Bxa6 6. Nc3 d6 7. Nf3 g6 8. e4
Bxf1 9. Kxf1 Nbd7 10. g3 Bg7 11. Kg2 O-O 12. h3 Ra6 13. Re1 Qa8 14. Qc2 Rb8 15.
Bd2 e6 16. dxe6 fxe6 17. Kh2 d5 18. exd5 exd5 19. a3 Rab6 20. Nd1 d4 21. Nh4 Rf8
22. Rc1 Nd5 23. Ng2 Ne5 24. Rxe5 Bxe5 25. Qxc5 Rbb8 26. Qc6 Qxc6 27. Rxc6 d3 28.
Rc5 Rfd8 29. b4 Bd4 30. Rc4 Nb6 31. Rc6 Na4 32. Nf4 Be5 33. Re6 Bg7 34. Re4 Nb2
35. Re3 Nxd1 36. Re1 Nb2 37. Re7 Nc4 38. Be1 d2 39. Bxd2 Nxd2 40. Kg2 Bf6 41.
Re6 Kf7 42. Rc6 Rd7 43. Rc2 Nb3 44. h4 Nd4 45. Rc4 Ra8 0-1

[Event "Women's Speed Chess Q3"]
[Site "chess.com INT"]
[Date "2021.05.30"]
[Round "21"]
[White "Cyfka, Karina"]
[Black "Makhija, Aashna"]
[Result "1-0"]
[WhiteTitle "IM"]
[BlackTitle "WIM"]
[WhiteElo "2415"]
[BlackElo "1969"]
[WhiteFideId "1122681"]
[BlackFideId "25011944"]
[EventDate "2021.05.30"]

1. d4 e6 2. Nf3 d5 3. c4 Nf6 4. Nc3 Be7 5. Bf4 O-O 6. Rc1 c6 7. e3 b6 8. cxd5
exd5 9. h3 Bf5 10. g4 Bg6 11. Bd3 Nbd7 12. Ne5 Bxd3 13. Nxc6 Qe8 14. Nxe7+ Qxe7
15. Qxd3 Rac8 16. O-O h6 17. Qf5 Qe6 18. Qxe6 fxe6 19. Nb5 a6 20. Nc7 Kf7 21.
Nxa6 Ra8 22. Nb4 Ne4 23. Rc7 Ke7 24. Nc6+ Ke8 25. Nb4 g5 26. Be5 Nd2 27. Rfc1
Nf3+ 28. Kg2 Nfxe5 29. dxe5 Nxe5 30. Rh7 Rf7 31. Rh8+ Rf8 32. Rxh6 Ke7 33. Rc7+
Kd6 34. Rb7 Kc5 35. a3 Nc4 36. Rxe6 Nxb2 37. Rc6+ Kb5 38. Rcxb6+ Ka5 39. Nc6+
Ka4 40. Rxb2 Kxa3 41. R2b3+ Ka2 42. R3b5 Ra3 43. Rxd5 1-0

[Event "Women's Speed Chess Q3"]
[Site "chess.com INT"]
[Date "2021.05.30"]
[Round "21"]
[White "Kiran, Manisha Mohanty"]
[Black "Nurmanova, Alua"]
[Result "1-0"]
[WhiteTitle "WGM"]
[BlackTitle "WFM"]
[WhiteElo "2168"]
[BlackElo "2008"]
[WhiteFideId "5019575"]
[BlackFideId "13729390"]
[EventDate "2021.05.30"]

1. e4 c5 2. Nf3 d6 3. d4 cxd4 4. Nxd4 Nf6 5. Nc3 a6 6. Bg5 Nbd7 7. Qe2 e6 8.
O-O-O Be7 9. h4 h6 10. Bd2 Qc7 11. Kb1 b5 12. a3 Bb7 13. Rh3 Nc5 14. Re3 Rc8 15.
g4 g6 16. Bg2 e5 17. Nb3 Ne6 18. Nd5 Bxd5 19. exd5 Nf4 20. Qf1 Nxg4 21. Rc3 Qd7
22. Rxc8+ Qxc8 23. Bxf4 exf4 24. Bh3 f5 25. h5 g5 26. Nd4 Kf7 27. Bxg4 fxg4 28.
Qd3 Rg8 29. Qh7+ Rg7 30. Qxh6 Bf6 31. Ne6 Rg8 32. Qh7+ Bg7 33. Qg6+ Ke7 34. Nxg7
Qc4 35. Nf5+ Kd7 36. Qf7+ Kd8 37. Qxg8+ Kc7 38. Qf7+ Kb6 39. Nxd6 Qe2 40. Qb7+
Kc5 41. Qc6# 1-0

[Event "Women's Speed Chess Q3"]
[Site "chess.com INT"]
[Date "2021.05.30"]
[Round "21"]
[White "Buksa, Nataliya"]
[Black "Osmak, Iulija"]
[Result "0-1"]
[WhiteTitle "IM"]
[BlackTitle "IM"]
[WhiteElo "2414"]
[BlackElo "2425"]
[WhiteFideId "14123622"]
[BlackFideId "14101602"]
[EventDate "2021.05.30"]

1. d4 f5 2. Nc3 Nf6 3. Bg5 e6 4. e4 fxe4 5. Nxe4 Be7 6. Nxf6+ Bxf6 7. Be3 b6 8.
Be2 Bb7 9. Bf3 Nc6 10. Ne2 O-O 11. Qd2 Qc8 12. h4 Na5 13. b3 Bxf3 14. gxf3 Qb7
15. Rh3 Nc6 16. O-O-O a5 17. a4 Nb4 18. Bg5 Qc6 19. c3 Nd5 20. Kb2 Kh8 21. Bxf6
Rxf6 22. Rg1 Raf8 23. Rhg3 R6f7 24. h5 h6 25. Rg6 Qd6 26. R1g4 Qe7 27. Ng3 Nf6
28. Ne4 Nxg4 29. fxg4 Rf4 30. Qe2 Qf7 31. g5 Rxf2 32. Nxf2 Qxf2 33. Qxf2 Rxf2+
34. Ka3 Rg2 35. gxh6 Rxg6 36. hxg6 Kg8 37. Kb2 gxh6 38. Kc2 Kg7 39. Kd3 Kxg6 40.
Ke3 h5 41. Kf4 Kf6 42. c4 d6 43. Ke4 c6 44. Kf4 e5+ 45. Ke4 exd4 46. Kxd4 h4 47.
Ke4 h3 48. Kf3 Ke5 49. Kg3 Kd4 50. Kxh3 Kc3 51. Kg3 Kxb3 0-1

[Event "Women's Speed Chess Q3"]
[Site "chess.com INT"]
[Date "2021.05.30"]
[Round "21"]
[White "Havanecz, Bianka"]
[Black "Morris-Suzuki, Sophie"]
[Result "1-0"]
[WhiteTitle "WIM"]
[BlackTitle "WFM"]
[WhiteElo "2257"]
[BlackElo "2043"]
[WhiteFideId "704814"]
[BlackFideId "30922615"]
[EventDate "2021.05.30"]

1. d4 d5 2. Nf3 Nf6 3. g3 e6 4. Bg2 Be7 5. O-O O-O 6. b3 c5 7. e3 b6 8. c4 Bb7
9. cxd5 Bxd5 10. Bb2 cxd4 11. Bxd4 Nc6 12. Bb2 Nb4 13. Nc3 Bb7 14. Nb5 a6 15.
Na3 Nd3 16. Nc4 b5 17. Bxf6 Bxf6 18. Ncd2 Bxa1 19. Qxa1 Qf6 20. Qb1 Rfd8 21. a4
e5 22. h3 e4 23. Nd4 Nc5 24. axb5 axb5 25. b4 Nd3 26. Nxe4 Bxe4 27. Bxe4 Ne5 28.
Bxa8 Rxa8 29. Qe4 Re8 30. Qd5 Rd8 31. Qxb5 h5 32. h4 g5 33. hxg5 Qxg5 34. Qb6 h4
35. Kg2 hxg3 36. f4 Qh4 37. Rh1 Qe7 38. fxe5 Rc8 39. Rh3 Kf8 40. Rh8+ Kg7 41.
Qh6# 1-0

[Event "Women's Speed Chess Q3"]
[Site "chess.com INT"]
[Date "2021.05.30"]
[Round "21"]
[White "Komiagina, Maria"]
[Black "Von Herman, Brigitte"]
[Result "1-0"]
[WhiteTitle "WIM"]
[BlackTitle "WFM"]
[WhiteElo "2241"]
[BlackElo "1991"]
[WhiteFideId "4153987"]
[BlackFideId "4628730"]
[EventDate "2021.05.30"]

1. d4 d5 2. Nf3 Nc6 3. h3 Bf5 4. Bf4 Nf6 5. e3 e6 6. Be2 Bd6 7. O-O O-O 8. Nbd2
Ne4 9. c3 a6 10. a4 Bxf4 11. exf4 Rb8 12. Nxe4 dxe4 13. Nd2 Qd6 14. g3 f6 15.
Kh2 e5 16. fxe5 fxe5 17. Nc4 Qd7 18. dxe5 Qe6 19. g4 Bg6 20. Kg2 Nxe5 21. Ne3
Nf3 22. Bc4 Bf7 23. Bxe6 Bxe6 24. Qe2 Rbe8 25. Rad1 Nh4+ 26. Kh1 h6 27. Ng2 Nf3
28. Qxe4 Ng5 29. Qd3 Rf3 30. Ne3 Rxh3+ 31. Kg2 Rf8 32. f4 Rxe3 33. Qxe3 Bd5+ 34.
Rxd5 Nf7 35. Rd7 h5 36. g5 Nd6 37. g6 Nf5 38. Qe6+ Kh8 39. Rh1 h4 40. Kf3 Nh6
41. Rxh4 c5 42. Rxh6+ gxh6 43. Qe5+ Kg8 44. Qg7# 1-0